000 00852cai a22001935a 4500
001 E147682
008 090604u xxk g 000 0 eng d
035 _a(Sirsi) u147682
041 0 _aeng
110 2 _aUniversity of Aberdeen
_92596
245 0 0 _aACES
_bAberdeen Centre for Environmental Sustainability
_h[electronic resource]
520 _aWebsite for ACES, which brings together researchers from the Macaulay Institute and the University of Aberdeen to look at issues relating to sustainability. Includes details of current projects, publications, seminars and other activities.
590 _aKA
651 4 _aScotland
_y1999-
690 _aENVIRONMENTAL AND LAND CONSULTANCY-SUSTAINABILITY
710 2 _aMacaulay Institute
_95679
856 4 0 _uhttps://www.aces.ac.uk/index.php
_zView the website free of charge at www.aces.ac.uk...
942 _n0
999 _c120799
_d120799